| 000 | 00387nam a2200133 a 4500 | ||
|---|---|---|---|
| 005 | 20140414093847.0 | ||
| 008 | 100223s19uu xx uuu eng d | ||
| 050 |
_aCDB 786.907 _bALF 1990 |
||
| 245 |
_aAlfred's beginning drunset method / _cSandy Feldstein and Dave Black. |
||
| 650 |
_aDrum _xInstruction and study. |
||
| 650 | _aMusical instruments. | ||
| 942 | _cAVM | ||
| 999 |
_c109641 _d109641 |
||